| 000 | 00660nam a2200229Ia 4500 | ||
|---|---|---|---|
| 003 | OSt | ||
| 005 | 20220918202441.0 | ||
| 006 | a|||||r|||| 00| 0 | ||
| 007 | ta | ||
| 008 | 220917b |||||||| |||| 00| 0 eng d | ||
| 024 | _a101,304 | ||
| 037 | _cTextual | ||
| 040 |
_aARTS _cARTS _beng |
||
| 041 |
_2eng _aeng |
||
| 082 | _aV241:1:N5, J4 | ||
| 100 |
_aBazaz Prem Nath _9103800 |
||
| 245 | 0 | _aHistory of struggle for freedom in Kashmir cultural and political form earliest times to the present day | |
| 260 |
_aNA _bNA _c1954 |
||
| 650 | _aHISTORY | ||
| 942 |
_hV241:1:N5, J4 _cTEXL _2CC |
||
| 999 |
_c224786 _d224786 |
||